Все Города Азербайджана - Statistics

General Stats
  • This quiz has been taken 42 times
  • The average score is 12 of 79
Answer Stats
Answer % Correct
Баку
97%
Гянджа
60%
Сумгаит
54%
Ленкорань
51%
Ханкенди
43%
Шуша
43%
Нахичевань
40%
Губа
34%
Газах
29%
Астара
29%
Габала
29%
Товуз
26%
Хырдалан
23%
Ширван
23%
Шеки
23%
Лачын
23%
Агдам
23%
Евлах
20%
Загатала
20%
Агдере
20%
Шамкир
17%
Хачмаз
17%
Шемахы
17%
Билясувар
17%
Лерик
17%
Физули
17%
Кельбаджар
17%
Ходжалы
17%
Сальян
14%
Гусар
14%
Гобустан
14%
Огуз
14%
Агджабеди
11%
Имишли
11%
Агстафа
11%
Ордубад
11%
Ходжавенд
11%
Барда
9%
Агдаш
9%
Сабирабад
9%
Исмаиллы
9%
Гёйгёль
9%
Уджар
9%
Гах
9%
Дашкесан
9%
Геранбой
9%
Губадлы
9%
Джебраил
9%
Зангелан
9%
Джалилабад
6%
Гёйчай
6%
Гаджикабул/Аджикабул
6%
Масаллы
6%
Шабран
6%
Нефтечала
6%
Ахсу
6%
Тертер
6%
Балакен
6%
Джульфа
6%
Кедабек
6%
Нафталан
6%
Самух
6%
Горадиз
6%
Шарур
6%
Бабек
6%
Далимамедли
6%
Шахбуз
6%
Мигечевир
3%
Сиазань
3%
Саатлы
3%
Кюрдамир
3%
Худат
3%
Бейгалан
3%
Говлар
3%
Гёйтепе
3%
Лиман
3%
Зердаб
3%
Ярдымлы
3%
Хызы
3%
No matching quizzes found
Score Distribution
Percent of People with Each Score
Percentile by Number Answered
Your Score History
You have not taken this quiz